[Event "ITA-ch U20"]
[Site "Tarvisio"]
[Date "2023.07.07"]
[Round "7"]
[White "Solomon, Eleonora"]
[Black "Corvi, Maddalena"]
[Result "0-1"]
[WhiteElo "1007"]
[BlackElo "1494"]
[PlyCount "114"]
[EventDate "2023.07.02"]
[EventType "swiss"]
[EventRounds "9"]
[EventCountry "ITA"]
[SourceTitle "EXT 2024"]
[Source "ChessBase"]
[SourceDate "2023.10.10"]
[SourceVersion "1"]
[SourceVersionDate "2023.10.10"]
[SourceQuality "1"]

1. e4 c6 2. d4 d5 3. e5 Bf5 4. Nd2 e6 5. Nb3 Nd7 6. Nf3 Qc7 7. Bf4 Ne7 8. c4 dxc4 9. Bxc4 Nb6 10. Bd3 Bxd3 11. Qxd3 Ned5 12. Bd2 Be7 13. 0-0 h6 14. Rac1 0-0 15. a3 Rac8 16. Ba5 Qb8 17. Nc5 Bxc5 18. Rxc5 Nd7 19. Rc2 b6 20. Bd2 c5 21. Rfc1 a5 22. b4 axb4 23. axb4 cxd4 24. Qxd4 Qb7 25. h3 Rfd8 26. Qg4 Rxc2 27. Rxc2 Kh7 28. Qd4 Rc8 29. Rxc8 Qxc8 30. Kh2 Qc2 31. Bf4 b5 32. Qd2 Qc4 33. Be3 Qxb4 34. Qxb4 Nxb4 35. Bd2 Nd3 36. Kg3 N7xe5 37. Nxe5 Nxe5 38. Kf4 Nc6 39. Ke4 Kg6 40. Kd3 Kf6 41. Kc3 Ke5 42. Kb3 Kd5 43. Bc3 e5 44. f4 f6 45. fxe5 fxe5 46. Kc2 b4 47. Bb2 Kc4 48. g3 Nd4+ 49. Kd2 Kb3 50. Ba1 Ka2 51. Bxd4 exd4 52. Kd3 b3 53. Kxd4 b2 54. Ke4 b1Q+ 55. Kf4 Qe1 56. Kg4 Qe4+ 57. Kh5 Qf5+ 0-1

[Event "ITA-ch U20"]
[Site "Tarvisio"]
[Date "2023.07.04"]
[Round "3"]
[White "La Posta, Clelia Sofia"]
[Black "Corvi, Maddalena"]
[Result "1/2-1/2"]
[WhiteElo "1166"]
[BlackElo "1494"]
[PlyCount "121"]
[EventDate "2023.07.02"]
[EventType "swiss"]
[EventRounds "9"]
[EventCountry "ITA"]
[SourceTitle "EXT 2024"]
[Source "ChessBase"]
[SourceDate "2023.10.10"]
[SourceVersion "1"]
[SourceVersionDate "2023.10.10"]
[SourceQuality "1"]

1. c4 e6 2. g3 d5 3. cxd5 exd5 4. d4 Nf6 5. Bg2 Be7 6. Nc3 0-0 7. Nf3 h6 8. 0-0 b6 9. Ne5 Bb7 10. Rb1 a6 11. b4 Nbd7 12. Qb3 c6 13. Bf4 b5 14. a4 Nb6 15. a5 Nc4 16. Nxc4 bxc4 17. Qc2 Bd6 18. Bxd6 Qxd6 19. Nd1 Rfe8 20. Ne3 Bc8 21. Nxc4 dxc4 22. Qxc4 Bb7 23. e3 Rad8 24. Qc5 Qd7 25. Rbc1 Rc8 26. h4 Qe7 27. Qxe7 Rxe7 28. Rc2 Rec7 29. Rfc1 Kf8 30. d5 Rd8 31. dxc6 Ba8 32. Bf1 Rd6 33. Bxa6 Rdxc6 34. Rxc6 Rxc6 35. Rxc6 Bxc6 36. b5 Be4 37. b6 Nd7 38. Bb5 Nc5 39. a6 Ba8 40. Kf1 Ke7 41. Ke2 Kd6 42. f3 Bd5 43. e4 Ba8 44. b7 Bxb7 45. axb7 Nxb7 46. Bc4 f6 47. f4 g5 48. hxg5 hxg5 49. fxg5 fxg5 50. Kf3 Nc5 51. Bd5 Ke5 52. Kg4 Nxe4 53. Bxe4 Kxe4 54. Kxg5 Ke5 55. Kh5 Kf6 56. g4 Kf7 57. Kh6 Kg8 58. Kg6 Kh8 59. Kf7 Kh7 60. g5 Kh8 61. g6 1/2-1/2